000 00920nam a22002177a 4500
999 _c1417
_d1417
005 20251125232737.0
008 s2534 th tha d
020 _a9744171448
040 _aNALT
041 _atha
050 _aDS577 พ375พ
245 1 0 _aพระราชพงศาวดารฉบับพระราชหัตถเลขา เล่ม 1
260 3 _aกรุงเทพฯ :
_bกองวรรณคดีและประวัติศาสตร์ กรมศิลปากร,
_c2534
300 _a353 หน้า
650 0 4 _aพระราชพงศาวดาร
650 0 4 _aไทย -- ประวัติศาสตร์ -- 2538--2546
650 0 4 _aไทย -- ประวัติศาสตร์ -- กรุงศรีอยุธยา
850 _aNALT
856 4 0 _uhttps://hdl.handle.net/20.500.14156/371950
942 _cGB
_03
_2lcc